| 000 | 00761nam a2200253Ia 4500 | ||
|---|---|---|---|
| 008 | 160803s9999 xx 000 0 und d | ||
| 020 | _a0 439109922 | ||
| 100 | _aArmstrong, Jennifer | ||
| 245 | _aShipwreck at the bottom of the world : | ||
| 245 | _bthe extraordinary true story of Shackleton and the Endurance / | ||
| 245 | _cJennifer Armstrong. | ||
| 260 | _aNew York : | ||
| 260 | _bScholastic Inc. | ||
| 260 | _c1998 | ||
| 300 | _a134 pages : | ||
| 300 | _billustrations, maps ; | ||
| 300 | _c25 cm | ||
| 650 | _aEndurance (Ship) -- | ||
| 650 | _aShackleton, Ernest Henry, -- Sir, -- 1874-1922 -- | ||
| 650 | _aShackleton, Ernest Henry, Sir. | ||
| 650 | _xJuvenile literature. | ||
| 650 | _xJuvenile literature. | ||
| 700 | _a1090 | ||
| 999 |
_c299170 _d299170 |
||